00480nam a22001697a 450000500170000001000150001702000260003203500130005803700130007108200060008410000190009024500630010926000380017227000600021030000220027070000180029220160727102735.0 aENG-115534 a9789382303664c400.00 aEN-99066 bDBAD/PUB aN aBoss,Aniruddha aCanvas /bby Aniruddha Bose : trancleted by Purnassree Nag aKolkatabSmiriti Publishersc2014 a"Oasis" CF-41 Sector 1 Salt Lake City bKolkatae700064 a173p. c17cm(pbk) aNag Purnasree